000
00344 a2200169 4500
001
187521
020
_a
85-322-1279-2
040
_c
Magnum
100
_a
Saad, Jorge
240
1
0
_a
O Boitatá em
_l
por
245
1
0
_a
O Boitatá em
300
_a
22
362
0
_a
1994
440
1
_a
FTD
697
_a
LITERATURA INFANTO-JUVENIL
942
_c
BK
999
_c
187521
_d
187521